000 00832cam a22002653a 4500
001 8519
003 PGUSA
005 20140828083201.0
008 050701s2005||||xxu|||||s|||||000 | eng d
040 _aPGUSA
_beng
042 _adc
050 4 _aE011
100 1 _aIrving, Washington,
_d1783-1859
245 1 4 _aThe Life and Voyages of Christopher Columbus (Volume II)
_h[electronic resource] /
_cWashington Irving
260 _bProject Gutenberg,
_c2005
506 _aPublic domain in the USA.
516 _aElectronic text
653 _aAmerica -- Discovery and exploration -- Spanish
653 _aExplorers -- Spain -- Biography
653 _aColumbus, Christopher
653 _aExplorers -- America -- Biography
830 0 _aProject Gutenberg
_v8519
856 4 0 _uhttp://www.gutenberg.org/ebooks/8519
942 _cEB
999 _c237819
_d237819